000 00382nam a2200121 a 4500
001 000037886
005 20201002031130.0
008 130307s20uu dr 000 0 spa d
040 _aDO-SdBNP
_bspa
_cBNPHU
245 0 0 _aCómo acceder al mundo profesional y no morir en el intento /.
260 _aSanto Domingo :
_bCTO,
_c[201?].
300 _a68, [44] p. :
_bil., gráf., retrs. ;
_c30cm.
999 _c37376
_d37376